000 00601nam a2200217Ia 4500
003 OSt
005 20230429105441.0
008 210423s2010 xx 000 0 und d
020 _a978-0-312-59543-2
040 _cAL
041 _aeng
082 _a299.93
_223
_bOSHD
100 _aOSHO
_995086
245 _aDestiny freedom and the soul: what is the meaning of life
260 _aNew York
_bSt Martins press
_c2010
300 _a208
_bPB
365 _b499
_cINR
650 _aReligions of Indic Origin
_995087
906 _aDestiny ; freedom ; life ; meaning ; soul: ; what
942 _2ddc
_cBK
999 _c170467
_d170467